[Event "World Amateur-ch U1700"]
[Site "Muscat"]
[Date "2023.11.07"]
[Round "6.1"]
[White "Martynov, Aleksandr1"]
[Black "Imani Lasaki, Hamed"]
[Result "1-0"]
[WhiteElo "1660"]
[BlackElo "1626"]
[PlyCount "73"]
[EventDate "2023.11.02"]
[EventType "swiss"]
[EventRounds "9"]
[EventCountry "OMN"]
[SourceTitle "CB46_2023"]
[SourceDate "2023.11.15"]
[SourceVersion "1"]
[SourceVersionDate "2023.11.15"]
[SourceQuality "1"]

1. e4 e5 2. Nf3 Nc6 3. Bc4 Bc5 4. d3 Nf6 5. Nc3 a6 6. Bg5 h6 7. Bxf6 Qxf6 8. Nd5 Qd8 9. a4 d6 10. h3 Be6 11. c3 Bxd5 12. Bxd5 Qf6 13. b4 Ba7 14. b5 axb5 15. axb5 Nd8 16. Ra4 c6 17. b6 Bxb6 18. Rxa8 cxd5 19. Qa4+ Ke7 20. exd5 e4 21. Qxe4+ Kf8 22. d4 Qe7 23. Qxe7+ Kxe7 24. Kd2 Kd7 25. Kd3 Re8 26. c4 Bc7 27. c5 dxc5 28. dxc5 Bf4 29. g3 Bg5 30. Re1 Rxe1 31. Nxe1 Kc7 32. Kc4 f5 33. Nd3 Bf6 34. f4 g5 35. Ne5 b6 36. Ra7+ Kc8 37. cxb6 1-0

[Event "Gothenburg op"]
[Site "Gothenburg"]
[Date "2023.08.11"]
[Round "4"]
[White "Eldh, Hjalmar"]
[Black "Imani Lasaki, Hamed"]
[Result "1-0"]
[WhiteElo "1738"]
[BlackElo "1624"]
[PlyCount "104"]
[EventDate "2023.08.11"]
[EventType "swiss"]
[EventRounds "8"]
[EventCountry "SWE"]
[SourceTitle "CBM 215 Extra"]
[Source "ChessBase"]
[SourceDate "2023.09.30"]
[SourceVersion "1"]
[SourceVersionDate "2023.09.30"]
[SourceQuality "1"]

1. e4 e5 2. Nf3 Nc6 3. Bc4 Bc5 4. c3 d6 5. d4 Bb6 6. dxe5 dxe5 7. Qxd8+ Kxd8 8. Bxf7 Nf6 9. Bd5 Bg4 10. Bxc6 Bxf3 11. gxf3 bxc6 12. Be3 Ke7 13. Nd2 Rhd8 14. 0-0-0 Bxe3 15. fxe3 Rd3 16. Nc4 Rxd1+ 17. Rxd1 Nd7 18. Na5 c5 19. Kc2 a6 20. Nc6+ Ke6 21. f4 exf4 22. exf4 g6 23. f5+ gxf5 24. exf5+ Kxf5 25. Rxd7 h5 26. Rxc7 Kg4 27. Ne5+ Kh3 28. Rxc5 Rf8 29. Ng6 Rf2+ 30. Kb3 Kg4 31. h3+ Kxh3 32. Rxh5+ Kg4 33. Ra5 Rf6 34. Ne5+ Kf4 35. Nc4 Rc6 36. Kb4 Ke4 37. Re5+ Kd3 38. Re3+ Kc2 39. Rh3 Rg6 40. Ne5 Rg5 41. Re3 Rh5 42. c4 Kxb2 43. c5 Kxa2 44. c6 Rh4+ 45. Kc5 Rh1 46. c7 Rh8 47. Kb6 Rh6+ 48. Nc6 Rh8 49. Nd8 Rh6+ 50. Re6 Rh1 51. c8Q Rb1+ 52. Ka5 Rb5+ 1-0